000 00806nam a2200229 a 4500
001 48038
003 BD-RjUL
005 20211209054439.0
008 160811s2005 bg ||||| |||| 00| f ben d
020 _c: Tk. 150.00
035 _a(BD-RjUL)48157
040 _aBD-RjUL
_bben
_cBD-RjUL
041 _aben
082 _223
_a891.44308
_bHAG 2005
100 _aহক, ফজলুল
_9145667
245 1 0 _aগল্পসমগ্র প্রায়-২ /
_cফজলুল হক
260 _aরাজশাহী :
_bরাজশাহী সাহিত্য পরিষদ,
_c২০০৫
300 _a২৫১ পৃ. ;
_c১৯ সেমি
650 _aবাংলা উপন্যাস
_xসংগ্রহ
_9124121
650 _aBengali Fiction
_xCollection
_9124122
942 _2ddc
_cBK
999 _c48038
_d48038